A guide for planning school buildings. (Record no. 22027)

MARC details
000 -LEADER
fixed length control field 00777cam a22002411 4500
001 - CONTROL NUMBER
control field e 46000003
003 - CONTROL NUMBER IDENTIFIER
control field DLC
005 - DATE AND TIME OF LATEST TRANSACTION
control field 20260227111232.0
008 - FIXED-LENGTH DATA ELEMENTS--GENERAL INFORMATION
fixed length control field 770418s1945 miu s001 0 eng c
010 ## - LIBRARY OF CONGRESS CONTROL NUMBER
LC control number e 46000003
035 ## - SYSTEM CONTROL NUMBER
System control number (OCoLC)2897204
040 ## - CATALOGING SOURCE
Original cataloging agency U. S. Off. of educ. Library
Transcribing agency IEdS
Modifying agency DLC
042 ## - AUTHENTICATION CODE
Authentication code premarc
050 00 - LIBRARY OF CONGRESS CALL NUMBER
Classification number L162
Item number .B3 no. 338
082 ## - DEWEY DECIMAL CLASSIFICATION NUMBER
Classification number 371.6
110 1# - MAIN ENTRY--CORPORATE NAME
Corporate name or jurisdiction name as entry element Michigan.
Subordinate unit Department of Public Instruction.
245 12 - TITLE STATEMENT
Title A guide for planning school buildings.
260 ## - PUBLICATION, DISTRIBUTION, ETC.
Place of publication, distribution, etc. Lansing, Mich.,
Name of publisher, distributor, etc. E. B. Elliott, superintendent of public instruction,
Date of publication, distribution, etc. 1945.
300 ## - PHYSICAL DESCRIPTION
Extent 147 p.
Dimensions 23 cm.
490 1# - SERIES STATEMENT
Series statement Its Bulletin
Volume/sequential designation no. 338
650 #0 - SUBJECT ADDED ENTRY--TOPICAL TERM
Topical term or geographic name entry element School buildings
Geographic subdivision Michigan.
810 1# - SERIES ADDED ENTRY--CORPORATE NAME
Corporate name or jurisdiction name as entry element Michigan.
Subordinate unit Department of Public Instruction.
Title of a work Bulletin
Volume/sequential designation no. 338.

No items available.

Powered by Koha